Popularne numery rapowe/trapowe tygodnia. 27.11-03.12 - Statystyki

Ogólne statystyki
  • Ten quiz został rozwiązany 14 razy
  • Średni wynik to 8 z 15
Statystyki odpowiedzi
Artysta Wyświetlenia Numer % Poprawnych
Guzior 3.54M BLUEBERRY
85%
Guzior feat. Oskar83 2.79M FALA
85%
Wiatr feat. Be Vis, Sobel 1.43M Testarossa
85%
Wac Toja 862K Kapitan
77%
Kabe 1.73M Nad ranem
69%
Kali & Major SPZ 883K Mona Lisa
62%
Pezet feat. Kayah 876K Nisko jest niebo
62%
Masno 1.36M OMAMA
62%
Kubańczyk 1.90M Lady Pank 2
54%
Florek feat. Młodypago & Piluś 1.64M Buzi
46%
Smolasty feat. Szpaku 841K Tequila
38%
Słoń 849K X
38%
Masno 907K EKIPA
23%
Kali & Major SPZ 1.12M HUCPA
23%
Syberia Tdw 1.27M Tango
15%
Nie znaleziono quizów pasujących do podanych kryteriów
Rozkład punktacji
Procent ludzi z każdym wynikiem
Percentyl według liczby udzielonych odpowiedzi
Twoja historia wyników
Nie rozwiązałeś tego quizu